| 000 | 00814cam a2200181 i 4500 | ||
|---|---|---|---|
| 005 | 20251203101636.0 | ||
| 008 | 250721s1987 ua gr 000 0 ara d | ||
| 082 | 1 | 4 |
_a214.2 _bق ي م |
| 100 | 1 |
_aإبن قيم الجوزية، أبو عبد الله محمد _eمؤلف. |
|
| 245 | 1 | 0 |
_aهداية الحيارى في أجوبة اليهود والنصارى / _cتاليف الامام شمس الدين ابن قيم الجوزية ؛ اعتنى به وخرج احاديثه ابو عبد الرحمن عادل بن سعد. |
| 264 | 1 |
_aالقاهرة : _bدار ابن الهيثم، _c1987. |
|
| 300 | _a333 صفحة. | ||
| 650 | 1 | 7 | _aأصول الدين الإسلامي. |
| 650 | 1 | 7 | _aالنبوة. |
| 700 | 1 |
_aالسقا، أحمد حجازي _eتحقيق |
|
| 942 |
_2ddc _cBK |
||
| 999 |
_c698 _d698 |
||